Normal view
MARC view
Entry Personal Name
001 - CONTROL NUMBER
- control field: 15976
003 - CONTROL NUMBER IDENTIFIER
- control field: ARRUPE
005 - DATE AND TIME OF LATEST TRANSACTION
- control field: 20150309130100.0
008 - FIXED-LENGTH DATA ELEMENTS
- fixed length control field: 150309|| aca||aabn | a|a d
040 ## - CATALOGING SOURCE
- Original cataloging agency: ARRUPE
- Transcribing agency: ARRUPE
100 ## - HEADING--PERSONAL NAME
- Personal name: Galloway, Mark R.
670 ## - SOURCE DATA FOUND
- Source citation: Work cat.: (ARRUPE): Galloway, Mark R., John Keble priest, pastor, poet., 1991